| 000 | 00879nam a2200181Ia 4500 | ||
|---|---|---|---|
| 003 | IN-BaIIA | ||
| 008 | 211028s9999 xx 000 0 eng d | ||
| 040 | _cIIA Library | ||
| 080 |
_a52(091) _bGUN |
||
| 100 |
_aGunther, Robert T _910856 |
||
| 245 | 4 |
_aThe astrolabes of the world based upon the series of instruments in the Lewis Evans collection in the old Ashmolean Museum at Oxford : with notes on astrolables in the collections of the British Museum, Science Museum, Sir J. Findlay, Mr. S.V. Hoffman, the Mensing collection, and in other public and private collections _bthe eastern astrolabes; vol. 1 _cRobert T Gunther |
|
| 260 |
_aLondon _bThe Holland Press _c1976 |
||
| 300 | _axvii, 609p. | ||
| 650 |
_aAstrolabes _910857 |
||
| 650 | _aAstronomy and astrophysics thesaurus | ||
| 650 |
_aHistory - astronomy _91125 |
||
| 942 | _cBK | ||
| 999 |
_c6328 _d6328 |
||